Agriculture kenya (Record no. 216488)

MARC details
000 -LEADER
fixed length control field 00516nam a22001937a 4500
008 - FIXED-LENGTH DATA ELEMENTS--GENERAL INFORMATION
fixed length control field 260119b |||||||| |||| 00| 0 eng d
020 ## - INTERNATIONAL STANDARD BOOK NUMBER
International Standard Book Number 10-3456-234-23
050 ## - LIBRARY OF CONGRESS CALL NUMBER
Classification number QD 462 .N12 2010
Item number 345
100 ## - MAIN ENTRY--PERSONAL NAME
Personal name Njoroge, john
245 ## - TITLE STATEMENT
Title Agriculture kenya
250 ## - EDITION STATEMENT
Edition statement 2nd ed.
260 ## - PUBLICATION, DISTRIBUTION, ETC.
Place of publication, distribution, etc. Nairobi
Name of publisher, distributor, etc. Longhorn
Date of publication, distribution, etc. 2010
300 ## - PHYSICAL DESCRIPTION
Extent X, 302p: Ill.
500 ## - GENERAL NOTE
General note Include bibliographical reference and indexes
650 ## - SUBJECT ADDED ENTRY
Topical term or geographic name entry element Agriculture
700 ## - ADDED ENTRY--PERSONAL NAME
Personal name Ochieng, George
942 ## - ADDED ENTRY ELEMENTS (KOHA)
Source of classification or shelving scheme Library of Congress Classification
Koha item type Long Loan Book
Holdings
Withdrawn status Lost status Source of classification or shelving scheme Damaged status Not for loan Collection Home library Current library Shelving location Date acquired Total checkouts Full call number Date last seen Copy number Price effective from Koha item type
    Library of Congress Classification     Medicine Kisii University Library Kisii University Library On Display 01/19/2026   QD 465 .N12 2010 01/19/2026 8 01/19/2026 Long Loan Book